[Event "119th NZL-ch op"]
[Site "Queenstown NZL"]
[Date "2012.01.22"]
[Round "8"]
[White "Ly, Moulthun"]
[Black "Ganguly, Surya Shekhar"]
[Result "1/2-1/2"]
[WhiteElo "2376"]
[BlackElo "2639"]
[EventDate "2012.01.15"]
[PlyCount "96"]

1.e4 e6 2.d4 d5 3.Nc3 Bb4 4.Ne2 dxe4 5.a3 Bxc3+ 6.Nxc3 Nc6 7.Bb5 Ne7 8.Be3
O-O 9.Bxc6 Nxc6 10.Qd2 e5 11.dxe5 Nxe5 12.Qxd8 Rxd8 13.Bf4 Ng6 14.Bxc7 Rd7
15.Bg3 b6 16.Rd1 Rxd1+ 17.Kxd1 f5 18.Nd5 Bb7 19.Nf4 Ne5 20.h4 Ng4 21.Kc1 
Rd8 22.Rd1 Rxd1+ 23.Kxd1 Kf7 24.Ke1 g6 25.Ne2 Kf6 26.Bb8 a6 27.Bc7 b5 28.
Nd4 h6 29.b3 Bd5 30.Ke2 g5 31.hxg5+ hxg5 32.f3 Ne5 33.Bd8+ Kg6 34.Bc7 
exf3+ 35.gxf3 Nd7 36.Bd6 Kf6 37.Bc7 f4 38.Bd8+ Kg6 39.Be7 Ne5 40.Bd6 Kf6 
41.Bc7 g4 42.fxg4 f3+ 43.Kd2 Nxg4 44.Bg3 Be4 45.c3 Kg5 46.Ke1 Bd5 47.c4 
bxc4 48.bxc4 Bxc4 1/2-1/2

[Event "119th NZL-ch op"]
[Site "Queenstown NZL"]
[Date "2012.01.22"]
[Round "8"]
[White "Maroroa, Sue"]
[Black "Li Zuhao, Luke"]
[Result "1/2-1/2"]
[WhiteElo "2020"]
[BlackElo "2165"]
[EventDate "2012.01.15"]
[PlyCount "109"]

1.e4 e6 2.d4 d5 3.Nd2 Nf6 4.e5 Nfd7 5.Bd3 c5 6.c3 Nc6 7.Ngf3 Qb6 8.O-O 
cxd4 9.cxd4 Nxd4 10.Nxd4 Qxd4 11.Nf3 Qb6 12.a3 a5 13.Qa4 Bc5 14.Rb1 Qa7 
15.Qg4 g6 16.Bh6 Bf8 17.Qf4 Qb8 18.Bb5 f5 19.Bxf8 Kxf8 20.Qh6+ Kg8 21.Qg5 
Nf8 22.Qf6 b6 23.Rfc1 h6 24.Nh4 Rh7 25.Nxg6 Nxg6 26.Qxg6+ Rg7 27.Qxh6 Qxe5
28.Re1 Qd4 29.Rbc1 Qg4 30.g3 f4 31.Re5 Rg6 32.Qh5 Qxh5 33.Rxh5 fxg3 34.
hxg3 Ba6 35.Bxa6 Rxa6 36.Rc6 Kf7 37.Rh7+ Kf6 38.Rb7 Rg4 39.Rh7 Re4 40.Rh6+
Ke7 41.Rh7+ Kf6 42.f4 Re2 43.Kf1 Rxb2 44.Rh6+ Kf5 45.Rcxe6 Kg4 46.Re3 d4 
47.Rg6+ Kf5 48.Rg5+ Kf6 49.Rd3 Ra7 50.Rxd4 Rh7 51.Kg1 Rc7 52.Rd6+ Ke7 53.
Rgd5 Ra2 54.Rd2 Rxa3 55.Rxb6 1/2-1/2

[Event "119th NZL-ch op"]
[Site "Queenstown NZL"]
[Date "2012.01.22"]
[Round "8"]
[White "Matheson, Laurence"]
[Black "Kharisma Sukandar, Irine"]
[Result "0-1"]
[WhiteElo "2167"]
[BlackElo "2325"]
[EventDate "2012.01.15"]
[PlyCount "112"]

1.d4 Nf6 2.c4 e6 3.Nc3 Bb4 4.e3 O-O 5.Ne2 c6 6.a3 Ba5 7.b4 Bc7 8.e4 d6 9.
Ng3 e5 10.d5 a5 11.b5 cxb5 12.cxb5 Bb6 13.Na4 Bd4 14.Bb2 Bxb2 15.Nxb2 Nbd7
16.a4 Nc5 17.f3 h5 18.Bd3 h4 19.Ne2 Nh5 20.g4 Nf4 21.Nxf4 exf4 22.Bc2 Qf6 
23.Ra2 Qc3+ 24.Kf2 Qe3+ 25.Kg2 Bxg4 26.Rf1 h3+ 27.Kh1 Bh5 28.Nc4 Qc3 29.
Nxd6 Nd7 30.Qd3 Qc7 31.Nf5 Ne5 32.Qd4 g6 33.d6 Qc4 34.Ne7+ Kh7 35.Qxc4 
Nxc4 36.Nd5 g5 37.Bd3 Ne5 38.Be2 Kg7 39.Nb6 Rad8 40.Rd2 Rh8 41.Rd5 f6 42.
Rd2 Rhe8 43.Nc4 Nxc4 44.Bxc4 Rd7 45.Be2 Re6 46.Rfd1 f5 47.e5 Rxe5 48.Kg1 
Kf6 49.Kf2 Rc5 50.b6 Rc3 51.Rd5 Bf7 52.Rxa5 Rc6 53.Bb5 Rdxd6 54.Bxc6 Rxd1 
55.Bxb7 Bc4 56.Rxf5+ Kg6 0-1

[Event "119th NZL-ch op"]
[Site "Queenstown NZL"]
[Date "2012.01.22"]
[Round "8"]
[White "McDonald, John"]
[Black "West, Guy"]
[Result "0-1"]
[WhiteElo "2068"]
[BlackElo "2323"]
[EventDate "2012.01.15"]
[PlyCount "40"]

1.c4 e5 2.g3 Nf6 3.Bg2 c6 4.d4 exd4 5.Qxd4 d5 6.cxd5 cxd5 7.Nf3 Nc6 8.Qa4 
Bc5 9.O-O O-O 10.Rd1 Qe7 11.e3 Bg4 12.a3 Bb6 13.b4 Ne5 14.Nbd2 Ne4 15.Rf1 
Nxf3+ 16.Bxf3 Nxd2 17.Bxg4 Nxf1 18.Kxf1 d4 19.Qb3 dxe3 20.f3 Qf6 0-1

[Event "119th NZL-ch op"]
[Site "Queenstown NZL"]
[Date "2012.01.22"]
[Round "8"]
[White "Milligan, Helen"]
[Black "Ansell, Alan"]
[Result "0-1"]
[WhiteElo "1979"]
[BlackElo "2079"]
[EventDate "2012.01.15"]
[PlyCount "42"]

1.e4 e5 2.Nf3 Nc6 3.Bb5 a6 4.Ba4 Nf6 5.O-O Nxe4 6.d4 b5 7.Bb3 d5 8.dxe5 
Be6 9.Nc3 Nxc3 10.bxc3 Na5 11.a4 c5 12.axb5 axb5 13.Bg5 Qd7 14.Qe2 c4 15.
Rfb1 Bc5 16.Ba2 O-O 17.Nd4 Bxd4 18.cxd4 Nc6 19.Be3 b4 20.h3 Ra5 21.Qe1 
Rfa8 0-1

[Event "119th NZL-ch op"]
[Site "Queenstown NZL"]
[Date "2012.01.22"]
[Round "8"]
[White "Morris, James"]
[Black "Zhao Xue"]
[Result "1-0"]
[WhiteElo "2354"]
[BlackElo "2551"]
[EventDate "2012.01.15"]
[PlyCount "141"]

1.e4 e5 2.Nf3 Nc6 3.Bb5 Nge7 4.O-O a6 5.Bc4 Ng6 6.d4 exd4 7.Nxd4 Bc5 8.Nf5
O-O 9.Qh5 d5 10.Bxd5 Bxf5 11.Bxc6 bxc6 12.Qxf5 Qe7 13.Nc3 Rad8 14.Bg5 f6 
15.Bf4 Bd4 16.Bg3 Ne5 17.Na4 g6 18.Qh3 Nf7 19.c3 Ba7 20.Qg4 Rfe8 21.Rae1 
f5 22.Qe2 g5 23.h4 f4 24.Bh2 Ne5 25.Rd1 Qe6 26.Rxd8 Rxd8 27.Rd1 Rf8 28.Qh5
Ng6 29.Qxg5 Qxe4 30.Nc5 Qc2 31.Rf1 h6 32.Qxh6 Bxc5 33.h5 Re8 34.Qxg6+ Qxg6
35.hxg6 Bd6 36.Rb1 Re2 37.Kf1 Rc2 38.Ke1 Kg7 39.Bg1 f3 40.Kd1 Re2 41.gxf3 
Re6 42.f4 Bxf4 43.f3 Kxg6 44.Kc2 Kf7 45.Bd4 Ke7 46.Kd3 Kd7 47.Rg1 Bd6 48.
b4 Rh6 49.Rg5 Kc8 50.a4 Rh1 51.Rg8+ Kb7 52.a5 Rh5 53.Rh8 Rf5 54.Ke4 Rf4+ 
55.Ke3 Rf5 56.Rh4 Be7 57.Ke4 Rf7 58.Rg4 c5 59.bxc5 Kc6 60.Rg6+ Kb5 61.f4 
Kxa5 62.f5 Kb5 63.f6 Bxf6 64.Rxf6 Rxf6 65.Bxf6 Kxc5 66.Kd3 Kb5 67.Kd4 a5 
68.Be7 c6 69.Bd6 Ka4 70.Kc4 c5 71.Kxc5 1-0

[Event "119th NZL-ch op"]
[Site "Queenstown NZL"]
[Date "2012.01.22"]
[Round "8"]
[White "Kruttika, Nadig"]
[Black "Bischoff, Klaus"]
[Result "1/2-1/2"]
[WhiteElo "2234"]
[BlackElo "2537"]
[EventDate "2012.01.15"]
[PlyCount "44"]

1.e4 c5 2.Nf3 e6 3.d4 cxd4 4.Nxd4 Nc6 5.Nc3 d6 6.Be2 a6 7.Be3 Bd7 8.a4 Nf6
9.O-O Be7 10.f4 Nxd4 11.Qxd4 Bc6 12.Rad1 O-O 13.f5 Kh8 14.fxe6 fxe6 15.e5 
dxe5 16.Qxe5 Qe8 17.Qxe6 Ba3 18.Qxe8 Raxe8 19.Bd4 Bxb2 20.Bf3 Rc8 21.Rb1 
Bxc3 22.Bxc3 Bxf3 1/2-1/2

[Event "119th NZL-ch op"]
[Site "Queenstown NZL"]
[Date "2012.01.22"]
[Round "8"]
[White "Pinic, Noel"]
[Black "Brown, Andrew"]
[Result "0-1"]
[WhiteElo "2066"]
[BlackElo "2215"]
[EventDate "2012.01.15"]
[PlyCount "118"]

1.e4 c5 2.Nf3 Nc6 3.d4 cxd4 4.Nxd4 Nf6 5.Nc3 e5 6.Ndb5 d6 7.Bg5 a6 8.Na3 
b5 9.Nd5 Be7 10.Bxf6 Bxf6 11.c3 Ne7 12.Nc2 Bb7 13.Nxf6+ gxf6 14.Bd3 d5 15.
Qe2 Qb6 16.O-O-O O-O-O 17.Rhf1 f5 18.exd5 e4 19.Nb4 Nxd5 20.Nxd5 Bxd5 21.
Bc2 Bc4 22.Qh5 Qe6 23.Rxd8+ Rxd8 24.Re1 Bxa2 25.g4 Rd5 26.gxf5 Qb6 27.Qh4 
Rxf5 28.Rxe4 Be6 29.Rd4 Rd5 30.Rxd5 Bxd5 31.Bxh7 Qe6 32.Kd2 Qd6 33.Kc1 Qe6
34.Kd2 Qd6 35.Kc2 Qe6 36.Bd3 Qe1 37.Qh3+ Be6 38.Qe3 Qa1 39.Qd4 Qa2 40.Qb4 
Qd5 41.Be4 Qh5 42.Qf8+ Kd7 43.Bd3 Bf5 44.Bxf5+ Qxf5+ 45.Kb3 Qxf2 46.Qb8 
Qf6 47.Qb7+ Ke8 48.Qc8+ Ke7 49.Qc7+ Kf8 50.Kb4 Qe6 51.b3 f5 52.Qf4 Qe4+ 
53.Qxe4 fxe4 54.c4 a5+ 55.Kc3 b4+ 56.Kd2 a4 57.bxa4 b3 58.a5 e3+ 59.Kxe3 
b2 0-1

[Event "119th NZL-ch op"]
[Site "Queenstown NZL"]
[Date "2012.01.22"]
[Round "8"]
[White "Pyke, Malcolm"]
[Black "Setiabudi, Allen"]
[Result "1-0"]
[WhiteElo "2132"]
[BlackElo "1966"]
[EventDate "2012.01.15"]
[PlyCount "97"]

1.c4 e5 2.Nc3 Nc6 3.g3 f5 4.Bg2 Nf6 5.e3 Bb4 6.Nge2 O-O 7.O-O Bxc3 8.Nxc3 
d6 9.d4 Qe8 10.b3 Qg6 11.Nd5 Nxd5 12.cxd5 Nd8 13.dxe5 dxe5 14.Ba3 Re8 15.
Qc2 c6 16.dxc6 Nxc6 17.Rac1 Be6 18.Rfd1 Rac8 19.Qe2 e4 20.Qb5 Qf7 21.Bb2 
Rcd8 22.Qc5 Rd7 23.Bf1 Red8 24.Rxd7 Qxd7 25.Qc3 Qf7 26.Be2 Rd7 27.h4 h6 
28.h5 a6 29.Rd1 Rxd1+ 30.Bxd1 Kh7 31.Bc2 Bd5 32.a3 Nd8 33.b4 Ne6 34.Bd1 
Ng5 35.a4 Bc4 36.a5 Bd5 37.Be2 Qd7 38.b5 axb5 39.Bxb5 Nf3+ 40.Kg2 Qf7 41.
Be8 Qf8 42.Bg6+ Kh8 43.Bxf5 Ne1+ 44.Kf1 Nd3 45.Ba1 Bc4 46.Kg1 Nxf2 47.
Qxg7+ Qxg7 48.Bxg7+ Kxg7 49.Kxf2 1-0

[Event "119th NZL-ch op"]
[Site "Queenstown NZL"]
[Date "2012.01.22"]
[Round "8"]
[White "Reilly, Tim"]
[Black "Schon, Eugene"]
[Result "0-1"]
[WhiteElo "2266"]
[BlackElo "2188"]
[EventDate "2012.01.15"]
[PlyCount "80"]

1.d4 Nf6 2.c4 g6 3.Nc3 d5 4.Nf3 Bg7 5.Qb3 dxc4 6.Qxc4 O-O 7.e4 Nc6 8.Be2 
Bg4 9.d5 Na5 10.Qb4 Bxf3 11.Bxf3 c6 12.O-O Qb6 13.Qa4 Nd7 14.dxc6 Nxc6 15.
Nd5 Qd8 16.Bg5 h6 17.Be3 e6 18.Nc3 Qe7 19.Rfd1 a6 20.Rac1 Rfd8 21.Be2 b5 
22.Qc2 Rac8 23.Bf1 Nce5 24.Qb3 Ng4 25.Bf4 Qc5 26.Bg3 Bd4 27.Rd2 Be3 28.Ne2
Bxf2+ 29.Kh1 Qa7 30.Rxc8 Rxc8 31.h3 Bxg3 32.Nxg3 Nge5 33.a4 Rc1 34.axb5 
axb5 35.Qxb5 Qe3 36.Rxd7 Nxd7 37.Kh2 Nf6 38.e5 Nd5 39.Qe8+ Kg7 40.Qb8 h5 
0-1

[Event "119th NZL-ch op"]
[Site "Queenstown NZL"]
[Date "2012.01.22"]
[Round "8"]
[White "Renzies, Elliott"]
[Black "Cooper, Nigel"]
[Result "0-1"]
[WhiteElo "1668"]
[BlackElo "1802"]
[EventDate "2012.01.15"]
[PlyCount "38"]

1.e4 e6 2.Nc3 d5 3.Nf3 d4 4.Nb5 c5 5.Be2 Nc6 6.O-O Nf6 7.d3 a6 8.Na3 b5 9.
Bg5 Be7 10.Ne1 O-O 11.f4 Bb7 12.g4 Re8 13.Ng2 Nd7 14.h4 f6 15.Qe1 fxg5 16.
hxg5 e5 17.Qh4 exf4 18.Qh3 Bxg5 19.Kf2 Re6 0-1

[Event "119th NZL-ch op"]
[Site "Queenstown NZL"]
[Date "2012.01.22"]
[Round "8"]
[White "Repplinger, Marc"]
[Black "Solomon, Stephen"]
[Result "1/2-1/2"]
[WhiteElo "2241"]
[BlackElo "2375"]
[EventDate "2012.01.15"]
[PlyCount "102"]

1.d4 d5 2.Nf3 e6 3.c4 c5 4.cxd5 exd5 5.g3 Nc6 6.Nc3 Nf6 7.Bg2 Be7 8.O-O 
O-O 9.dxc5 Bxc5 10.Na4 Be7 11.Be3 Bg4 12.Rc1 Rc8 13.Nc5 b6 14.Nb3 Re8 15.
Nbd4 Bc5 16.Nxc6 Rxc6 17.Bxc5 bxc5 18.b4 c4 19.Nd4 Rb6 20.b5 Qe7 21.Qa4 a6
22.bxa6 Ra8 23.Rb1 Rbxa6 24.Rb8+ Rxb8 25.Qxa6 Qc5 26.e3 Bd7 27.Rc1 Ne8 28.
Nc2 Nc7 29.Qa3 Qxa3 30.Nxa3 f5 31.Nb1 Bc6 32.Nc3 Ra8 33.Rd1 Ra5 34.a4 Kf7 
35.Rb1 Ke7 36.Rb6 Bd7 37.Rb2 Kd6 38.Rd2 Bc6 39.e4 fxe4 40.Nxe4+ Ke7 41.Nc3
Ke6 42.f4 Rxa4 43.Nxa4 Bxa4 44.Ra2 Bb3 45.Ra7 Nb5 46.Ra6+ Nd6 47.Bh3+ Ke7 
48.Ra7+ Kf8 49.Ra8+ Ke7 50.Ra7+ Kf8 51.Ra8+ Ke7 1/2-1/2

[Event "119th NZL-ch op"]
[Site "Queenstown NZL"]
[Date "2012.01.22"]
[Round "8"]
[White "Seabrook, Roy"]
[Black "Davis, Justin"]
[Result "1-0"]
[WhiteElo "1873"]
[BlackElo "1985"]
[EventDate "2012.01.15"]
[PlyCount "69"]

1.d4 d5 2.c4 c6 3.Nc3 Nf6 4.Nf3 a6 5.h3 e6 6.Bf4 Bd6 7.Ne5 Nh5 8.Bh2 f6 9.
e3 g6 10.c5 Bc7 11.Ng4 Bxh2 12.Nxh2 e5 13.Qd2 e4 14.Be2 Ng7 15.f3 f5 16.
O-O O-O 17.fxe4 fxe4 18.Na4 Nf5 19.Nb6 Ra7 20.Bg4 Be6 21.Rf2 Nd7 22.Nxd7 
Bxd7 23.Raf1 Ra8 24.Bd1 Qg5 25.Ng4 Rae8 26.Rf4 Bc8 27.Qf2 Kg7 28.Kh2 h5 
29.Ne5 h4 30.Rg4 Qxg4 31.Bxg4 Ng3 32.Qxf8+ Rxf8 33.Rxf8 Bxg4 34.Rf7+ Kh6 
35.Nxg4+ 1-0

[Event "119th NZL-ch op"]
[Site "Queenstown NZL"]
[Date "2012.01.22"]
[Round "8"]
[White "Selnes, Hamish"]
[Black "Armstrong, Malcolm"]
[Result "1/2-1/2"]
[WhiteElo "1904"]
[BlackElo "2016"]
[EventDate "2012.01.15"]
[PlyCount "60"]

1.d4 d5 2.c4 e6 3.Nc3 Be7 4.Nf3 Nf6 5.Bg5 O-O 6.e3 h6 7.Bh4 b6 8.Be2 Bb7 
9.Bxf6 Bxf6 10.cxd5 exd5 11.b4 Qd6 12.Qb3 Re8 13.O-O a6 14.Rac1 Nd7 15.Rc2
Nf8 16.Rfc1 Ne6 17.Bd3 g6 18.b5 a5 19.a4 Re7 20.h3 Kg7 21.Bf1 Rae8 22.g3 
Ng5 23.Nxg5 Bxg5 24.Nd1 h5 25.h4 Bh6 26.Rc3 Rd7 27.Qa3 Qxa3 28.Rxa3 f5 29.
Rac3 Ree7 30.Nb2 Kf7 1/2-1/2

[Event "119th NZL-ch op"]
[Site "Queenstown NZL"]
[Date "2012.01.22"]
[Round "8"]
[White "Shen, Daniel"]
[Black "Dale, Ari"]
[Result "0-1"]
[WhiteElo "2182"]
[BlackElo "1994"]
[EventDate "2012.01.15"]
[PlyCount "48"]

1.e4 c6 2.Ne2 d5 3.e5 d4 4.d3 Qd5 5.Bf4 g5 6.c4 Qc5 7.Bxg5 Qxe5 8.Bf4 Qf5 
9.Bxb8 Rxb8 10.Ng3 Qa5+ 11.Nd2 Bh6 12.Be2 b5 13.cxb5 Rxb5 14.b3 Nf6 15.Ne4
Nxe4 16.dxe4 Rc5 17.Bc4 Rg8 18.g3 Re5 19.f4 Rxe4+ 20.Kf2 Re3 21.Nf1 Bg4 
22.Qc1 Rf3+ 23.Kg2 Rc3 24.Qd2 Bf3+ 0-1

[Event "119th NZL-ch op"]
[Site "Queenstown NZL"]
[Date "2012.01.22"]
[Round "8"]
[White "Smith, Robert"]
[Black "Ilic, Ilija"]
[Result "1-0"]
[WhiteElo "2273"]
[BlackElo "2010"]
[EventDate "2012.01.15"]
[PlyCount "77"]

1.e4 d6 2.d4 Nf6 3.Nc3 g6 4.Nf3 Bg7 5.h3 Nc6 6.Be3 e5 7.d5 Ne7 8.Qd2 h6 9.
Rd1 g5 10.h4 g4 11.Nh2 Bd7 12.Be2 Qc8 13.Nf1 Nh5 14.Ng3 Nxg3 15.fxg3 a6 
16.O-O Ng8 17.Rf2 f6 18.Rdf1 Qd8 19.Nd1 Qe7 20.c4 b6 21.Nc3 h5 22.b4 a5 
23.c5 axb4 24.Nb5 Bxb5 25.Bxb5+ Kf7 26.cxb6 cxb6 27.Qxb4 Rb8 28.a4 Bh6 29.
Bxh6 Rxh6 30.Rc1 f5 31.Rxf5+ Kg7 32.Rc6 Qd8 33.Qc3 Ne7 34.Rc7 Rh7 35.Rd7 
Qe8 36.Rg5+ Kf8 37.Rxd6 Qc8 38.Qxe5 Qc5+ 39.Kh2 1-0

[Event "119th NZL-ch op"]
[Site "Queenstown NZL"]
[Date "2012.01.22"]
[Round "8"]
[White "Stuart, Peter"]
[Black "Andersson, Christin"]
[Result "1-0"]
[WhiteElo "1991"]
[BlackElo "2123"]
[EventDate "2012.01.15"]
[PlyCount "83"]

1.c4 e5 2.g3 Nf6 3.Bg2 c6 4.d4 e4 5.d5 d6 6.Nc3 Bf5 7.Qc2 cxd5 8.cxd5 Qc8 
9.Qa4+ Nbd7 10.Nxe4 Be7 11.Bd2 O-O 12.Rc1 Qd8 13.Nxf6+ Bxf6 14.Bc3 Nc5 15.
Qd1 Re8 16.Kf1 Rc8 17.Nf3 Ne4 18.Nd4 Nxc3 19.bxc3 Bg6 20.Bf3 Qa5 21.Qd2 
Rc4 22.Nb3 Qc7 23.Kg2 Bxc3 24.Qd1 Bf6 25.Rxc4 Qxc4 26.Qc1 b5 27.Qa3 Be4 
28.Qxd6 Qxe2 29.Qf4 Bxf3+ 30.Qxf3 Qxa2 31.d6 Qa3 32.Re1 Rf8 33.Qd5 Qa6 34.
d7 g6 35.Re8 Qb6 36.Nc5 b4 37.Nb7 b3 38.Nd6 Kg7 39.Rxf8 b2 40.Qxf7+ Kh6 
41.Qxf6 Qc6+ 42.f3 1-0

[Event "119th NZL-ch op"]
[Site "Queenstown NZL"]
[Date "2012.01.22"]
[Round "8"]
[White "Tang, Jason"]
[Black "Forster, William"]
[Result "1-0"]
[WhiteElo "2030"]
[BlackElo "1910"]
[EventDate "2012.01.15"]
[PlyCount "85"]

1.d4 f5 2.Nc3 d5 3.Bg5 h6 4.Bf4 Nf6 5.e3 c6 6.Bd3 e6 7.Nf3 Nbd7 8.Ne5 g5 
9.Ng6 Rg8 10.Nxf8 Nxf8 11.Bg3 Bd7 12.Na4 b6 13.c3 Qe7 14.b4 Ng6 15.Bc2 Kf7
16.O-O h5 17.f3 g4 18.f4 Rh8 19.Nb2 h4 20.Be1 Rag8 21.a4 Nh5 22.Qe2 h3 23.
g3 Nh4 24.Nd3 Nf3+ 25.Kh1 Nf6 26.Ne5+ Nxe5 27.fxe5 Nh7 28.e4 dxe4 29.Bxe4 
Kg7 30.Bc2 Ng5 31.c4 c5 32.d5 cxb4 33.Qe3 Nf3 34.Rb1 Qc5 35.Rxf3 gxf3 36.
Qg5+ Kh7 37.Qh4+ Kg7 38.Qf6+ Kh7 39.dxe6 Bxe6 40.Qxe6 Re8 41.Qf7+ Kh6 42.
Bd2+ f4 43.Bxf4# 1-0

[Event "119th NZL-ch op"]
[Site "Queenstown NZL"]
[Date "2012.01.22"]
[Round "8"]
[White "Tionko, Efrain"]
[Black "Holland, Dennis"]
[Result "1/2-1/2"]
[WhiteElo "1865"]
[BlackElo "1958"]
[EventDate "2012.01.15"]
[PlyCount "82"]

1.e4 e5 2.Nf3 Nf6 3.Nc3 Bb4 4.Nxe5 O-O 5.Be2 Re8 6.Nd3 Bxc3 7.dxc3 Nxe4 8.
O-O d5 9.Be3 Bf5 10.Nf4 c6 11.c4 dxc4 12.Qxd8 Rxd8 13.Bxc4 Nd7 14.Rfd1 Nb6
15.Bb3 Nf6 16.h3 Nfd5 17.Nxd5 Nxd5 18.Bg5 f6 19.Bh4 Kf8 20.Bg3 g5 21.Rd2 
Rd7 22.c4 Nb6 23.Rxd7 Nxd7 24.Bd6+ Kf7 25.c5+ Be6 26.Bxe6+ Kxe6 27.Re1+ 
Ne5 28.b3 Rd8 29.Re2 h5 30.g3 Kf5 31.Bxe5 fxe5 32.Kg2 Rd3 33.Rc2 g4 34.
hxg4+ hxg4 35.Rc4 Rd2 36.Rb4 Rxa2 37.Rxb7 a5 38.Rf7+ Ke4 39.Rg7 Kf5 40.
Rf7+ Ke4 41.Rg7 Kf5 1/2-1/2

[Event "119th NZL-ch op"]
[Site "Queenstown NZL"]
[Date "2012.01.22"]
[Round "8"]
[White "Tsagarakis, Angelo"]
[Black "Vuglar, Shannon"]
[Result "1-0"]
[WhiteElo "1883"]
[BlackElo "1581"]
[EventDate "2012.01.15"]
[PlyCount "109"]

1.d4 Nf6 2.Nf3 g6 3.Bf4 Bg7 4.Nbd2 d6 5.h3 O-O 6.e3 Nc6 7.Be2 Nd7 8.c3 e5 
9.Bg5 f6 10.Qb3+ Kh8 11.Bh4 Qe7 12.d5 Nd8 13.O-O-O Nc5 14.Qc2 a5 15.g4 Bd7
16.Nf1 Nf7 17.e4 b5 18.Ne3 b4 19.c4 Rfb8 20.Qb1 Rb7 21.Rdg1 a4 22.g5 Rba7 
23.Bd1 Nb3+ 24.axb3 a3 25.bxa3 Rxa3 26.Nc2 Ra2 27.Kd2 c6 28.Ke1 cxd5 29.
Nxb4 Ra1 30.Nxd5 Rxb1 31.Nxe7 Raa1 32.Kd2 fxg5 33.Bxg5 Nxg5 34.Nxg5 Bh6 
35.h4 Rb2+ 36.Kc3 Rxf2 37.Bg4 Rxg1 38.Rxg1 Bxg4 39.Rxg4 Kg7 40.Kb4 Rb2 41.
Nc8 Rd2 42.Kb5 Bxg5 43.hxg5 h5 44.gxh6+ Kxh6 45.Kc6 Rb2 46.Nxd6 Kh5 47.Rg3
Rf2 48.b4 g5 49.b5 Kh4 50.Rb3 g4 51.b6 g3 52.Rxg3 Kxg3 53.b7 Rf8 54.Kd5 
Kf4 55.c5 1-0

[Event "119th NZL-ch op"]
[Site "Queenstown NZL"]
[Date "2012.01.22"]
[Round "8"]
[White "Van Riemsdijk, Herman Claudius"]
[Black "Drummond, Matthew"]
[Result "1-0"]
[WhiteElo "2401"]
[BlackElo "2227"]
[EventDate "2012.01.15"]
[PlyCount "107"]

1.e4 e6 2.d4 d5 3.Nc3 Bb4 4.e5 b6 5.Qg4 Bf8 6.Nf3 Ne7 7.Bg5 Ba6 8.Bxa6 
Nxa6 9.h4 Nb4 10.O-O-O h6 11.Bf4 Qd7 12.a3 Nbc6 13.h5 O-O-O 14.Kb1 Kb7 15.
Bc1 Rc8 16.Qf4 Nd8 17.g4 a6 18.Rh3 Nec6 19.Ne1 Be7 20.Qd2 f6 21.f4 fxe5 
22.dxe5 Nf7 23.Qe2 Rhd8 24.Rhd3 Qe8 25.Nf3 Bf8 26.g5 hxg5 27.fxg5 Rd7 28.
g6 Nh6 29.Nh2 Nf5 30.Ne4 Nxe5 31.Nc5+ Bxc5 32.Qxe5 Bd6 33.Qe2 Ng3 34.Qg4 
Ne4 35.Qg2 Qh8 36.Rh3 Bxh2 37.Rxh2 Nd6 38.Qe2 Qg8 39.Qe5 Rf8 40.Re1 Re7 
41.Qg5 Nf5 42.Rhe2 Ree8 43.Qg2 Nh4 44.Qg4 Nf3 45.Rh1 e5 46.h6 gxh6 47.Rxh6
Rf6 48.Rg2 Qe6 49.Qxe6 Rfxe6 50.g7 Rxh6 51.Bxh6 Rg8 52.Rg6 Nh2 53.c3 c6 
54.Rf6 1-0

[Event "119th NZL-ch op"]
[Site "Queenstown NZL"]
[Date "2012.01.22"]
[Round "8"]
[White "Watharow, Sean"]
[Black "Millikan, Erlend"]
[Result "1/2-1/2"]
[WhiteElo "1929"]
[BlackElo "1760"]
[EventDate "2012.01.15"]
[PlyCount "86"]

1.e4 e5 2.d4 exd4 3.Nf3 Bb4+ 4.c3 dxc3 5.Nxc3 Bxc3+ 6.bxc3 d6 7.Bc4 Be6 8.
Bxe6 fxe6 9.Ng5 Qd7 10.Qb3 Nc6 11.Qxe6+ Qxe6 12.Nxe6 Kd7 13.Nxg7 Nf6 14.f3
Rhg8 15.Bh6 Ne8 16.Nxe8 Raxe8 17.O-O Ne5 18.Rae1 a6 19.Re2 b5 20.Bf4 Nc4 
21.Rd1 Kc6 22.Bg3 Rg7 23.Bf2 Rf7 24.Rd5 Rg8 25.Kf1 Re8 26.Rh5 Nb6 27.h4 
Nd7 28.Bd4 Ne5 29.Bxe5 Rxe5 30.Rxe5 dxe5 31.Rd2 Kb6 32.Rd5 Re7 33.g4 a5 
34.Ke2 b4 35.g5 c6 36.Rd6 Kb5 37.cxb4 axb4 38.h5 Ra7 39.f4 exf4 40.Rd2 Rg7
41.Kf3 Rxg5 42.Rh2 h6 43.Kxf4 c5 1/2-1/2

[Event "119th NZL-ch op"]
[Site "Queenstown NZL"]
[Date "2012.01.22"]
[Round "8"]
[White "Watson, Jean"]
[Black "Gold, Hamish"]
[Result "1/2-1/2"]
[WhiteElo "1571"]
[BlackElo "1830"]
[EventDate "2012.01.15"]
[PlyCount "57"]

1.d4 f5 2.Nf3 e6 3.g3 Nf6 4.Bg2 Be7 5.O-O O-O 6.c4 c6 7.b3 d5 8.Ba3 Nbd7 
9.Bxe7 Qxe7 10.Nbd2 e5 11.dxe5 Nxe5 12.Nxe5 Qxe5 13.cxd5 cxd5 14.Nf3 Qe7 
15.Nd4 Bd7 16.Qd3 Ne4 17.Rfc1 Rac8 18.f3 Nc5 19.Qd2 Bc6 20.Rc2 Ne6 21.e3 
g6 22.Rac1 Nxd4 23.Qxd4 Rfe8 24.Kf2 a6 25.f4 Qe6 26.Rc5 Rcd8 27.a3 Rd7 28.
Rd1 Red8 29.Rdc1 1/2-1/2

[Event "119th NZL-ch op"]
[Site "Queenstown NZL"]
[Date "2012.01.22"]
[Round "8"]
[White "Zhao Jun"]
[Black "Bojkov, Dejan"]
[Result "1-0"]
[WhiteElo "2569"]
[BlackElo "2553"]
[EventDate "2012.01.15"]
[PlyCount "77"]

1.Nf3 Nf6 2.c4 g6 3.Nc3 Bg7 4.d4 O-O 5.e4 d6 6.Be2 Na6 7.O-O e5 8.Be3 Ng4 
9.Bg5 Qe8 10.dxe5 dxe5 11.c5 h6 12.Bh4 Nf6 13.Bxa6 bxa6 14.Bxf6 Bxf6 15.
Nd5 Bd8 16.Qc1 Kh7 17.Qc3 c6 18.Ne3 Bf6 19.Nc4 Qe7 20.Nd6 Bg7 21.Rfe1 Rb8 
22.b3 Bg4 23.Nd2 h5 24.N2c4 h4 25.h3 Bd7 26.Rad1 Qg5 27.Qd2 Qf6 28.Qc3 Qg5
29.Re2 Be6 30.Na5 Qh5 31.Red2 Bh6 32.Rd3 Rbc8 33.Nxc8 Rxc8 34.Nb7 Bf4 35.
Nd8 Qe2 36.Nxe6 fxe6 37.Qc4 Kh6 38.Rd8 Qh5 39.Qxe6 1-0

[Event "119th NZL-ch op"]
[Site "Queenstown NZL"]
[Date "2012.01.23"]
[Round "9"]
[White "Ansell, Alan"]
[Black "Reilly, Tim"]
[Result "1/2-1/2"]
[WhiteElo "2079"]
[BlackElo "2266"]
[EventDate "2012.01.15"]
[PlyCount "83"]

1.d4 d6 2.e4 Nf6 3.Nc3 g6 4.Be3 c6 5.f3 b5 6.Qd2 Nbd7 7.g4 Nb6 8.b3 Bb7 9.
h4 h5 10.g5 Nfd7 11.Nge2 Bg7 12.Bg2 Qc7 13.f4 b4 14.Nd1 c5 15.O-O Ba6 16.
e5 Rc8 17.dxc5 Nxc5 18.c4 dxe5 19.fxe5 Bxe5 20.Bd4 O-O 21.Qe3 Bxd4 22.Nxd4
Bb7 23.Nf2 Bxg2 24.Kxg2 Qb7+ 25.Kg1 Rfd8 26.Rad1 Rd6 27.Nb5 Rxd1 28.Rxd1 
a6 29.Nd4 Qc7 30.Ne2 Ne6 31.Ne4 Nd7 32.Rd5 Ne5 33.Qg3 Ng4 34.Qxc7 Rxc7 35.
Ra5 Rc6 36.Ra4 Rb6 37.c5 Rb5 38.Rxa6 Kg7 39.Ra7 Nxc5 40.Rxe7 Nxe4 41.Rxe4 
Ra5 42.Rxb4 1/2-1/2

[Event "119th NZL-ch op"]
[Site "Queenstown NZL"]
[Date "2012.01.23"]
[Round "9"]
[White "Armstrong, Malcolm"]
[Black "Seabrook, Roy"]
[Result "1-0"]
[WhiteElo "2016"]
[BlackElo "1873"]
[EventDate "2012.01.15"]
[PlyCount "61"]

1.d4 Nf6 2.Nf3 g6 3.Nc3 d5 4.Bf4 Bg7 5.Qd2 Ne4 6.Nxe4 dxe4 7.Ne5 f6 8.Nc4 
Be6 9.e3 O-O 10.Qb4 Qd5 11.Nd2 Na6 12.Qxe7 Rf7 13.Qa3 Bf8 14.Qb3 Qf5 15.
Qxb7 Nb4 16.Qxa8 Nxc2+ 17.Kd1 Bd5 18.Qxa7 Nxa1 19.Qa5 c5 20.dxc5 Rd7 21.
Kc1 Be6 22.Kb1 Bxc5 23.Kxa1 Ra7 24.Qd8+ Kg7 25.Bc4 Bb4 26.Rc1 Ba5 27.Qd4 
Rd7 28.Bxe6 Qxe6 29.Qxe4 Qa6 30.Nb3 Bd8 31.Nc5 1-0

[Event "119th NZL-ch op"]
[Site "Queenstown NZL"]
[Date "2012.01.23"]
[Round "9"]
[White "Bischoff, Klaus"]
[Black "Brown, Andrew"]
[Result "1-0"]
[WhiteElo "2537"]
[BlackElo "2215"]
[EventDate "2012.01.15"]
[PlyCount "107"]

1.c4 Nf6 2.Nc3 g6 3.e4 d6 4.d4 Bg7 5.Be2 O-O 6.Nf3 e5 7.O-O Nc6 8.d5 Ne7 
9.Ne1 Nd7 10.Nd3 f5 11.Bd2 Nf6 12.f3 f4 13.c5 g5 14.cxd6 cxd6 15.Nf2 Ng6 
16.Qc2 Rf7 17.Rfc1 Ne8 18.a4 h5 19.h3 Nh4 20.Qd1 Bf8 21.Ra3 Qf6 22.Nb5 a6 
23.Rac3 Qd8 24.Na3 Bd7 25.a5 Qxa5 26.Rc8 Qxd2 27.Rxa8 Qxb2 28.Nc4 Qb4 29.
Nd3 Qb5 30.Qc2 g4 31.Bd1 gxf3 32.Rb1 Rg7 33.Rxb5 axb5 34.Nb6 Bxh3 35.Rxe8 
Nxg2 36.Kh2 Ne3 37.Qa2 Rg2+ 38.Qxg2+ fxg2 39.Bxh5 Nf1+ 40.Kg1 Nd2 41.Nf2 
b4 42.Nxh3 b3 43.Na4 b5 44.Nb2 Nxe4 45.Rb8 Nc3 46.Nd1 Nxd5 47.Rxb5 Nf6 48.
Be2 d5 49.Kxg2 Kf7 50.Nc3 d4 51.Nd5 Nxd5 52.Bc4 Kf6 53.Bxd5 Kf5 54.Kf3 1-0

[Event "119th NZL-ch op"]
[Site "Queenstown NZL"]
[Date "2012.01.23"]
[Round "9"]
[White "Booth, Anthony"]
[Black "Brockman, Roland"]
[Result "1-0"]
[WhiteElo "1834"]
[BlackElo "1703"]
[EventDate "2012.01.15"]
[PlyCount "75"]

1.d4 d5 2.c4 e6 3.a3 Be7 4.Nc3 Nf6 5.Bf4 O-O 6.e3 c5 7.Nb5 a6 8.Nc7 Ra7 9.
Nxd5 exd5 10.Bxb8 Ra8 11.Be5 dxc4 12.Bxc4 b5 13.Be2 Bb7 14.Nf3 Qa5+ 15.Nd2
cxd4 16.Bxd4 Bxg2 17.Rg1 Bb7 18.b4 Qd8 19.Bf3 Bxf3 20.Qxf3 g6 21.Ne4 Nxe4 
22.Qxe4 Re8 23.Qd3 Rc8 24.Rd1 Bf6 25.Rg4 Bxd4 26.Rxd4 Qg5 27.Kf1 Qh5 28.h4
Qf3 29.Kg1 h5 30.Rf4 Qc6 31.Qd7 Rc7 32.Qd6 Re6 33.Qd8+ Re8 34.Qd4 Ree7 35.
Rf6 Qb7 36.Rd6 Re8 37.Qf6 Ra8 38.Rd8+ 1-0